000 00533cam a2200157 4500500
005 20260329015309.0
041 _afre
042 _adc
100 1 0 _aMonnereau, Cyrille
_eauthor
700 1 0 _aAndraud, Chantal
_eauthor
245 0 0 _aPhotodynamic therapy: chemical evolution of photosensitizers
260 _c2026.
500 _a59
786 0 _nHealthcare technologies | - | 2026-03-05 | p. 28-28
856 4 1 _uhttps://stm.cairn.info/medical-imaging-wave-therapies--bdti42607210-in161-page-28?lang=en&redirect-ssocas=7080
999 _c1896482
_d1896482